Manual Bs̀ico de Processo Civi

Detalles Bibliográficos
Autor principal: Bandeira, Paulo
Formato: Libro
Lenguaje:portugués
Publicado: Brasil Pillares 2009
Materias:
Acceso en línea:Acceso restringido

MARC

LEADER 00000nam a22000007a 4500
005 20160413151617.0
007 cr|||| ||u|
008 160413s2009 bl ||||| |||| 00||0 por d
020 |a 978-85-89919-73-9 
035 |a 14123 
040 |a vLex 
090 |c 5994  |d 5994 
100 1 |a Bandeira, Paulo  
245 1 0 |a Manual Bs̀ico de Processo Civi  |h [Recurso electrn̤ico] /  |c Paulo Bandeira  
256 |a Servicio en ln̕ea  
260 |a Brasil   |b Pillares  |c 2009 
300 |a 1 recurso electrn̤ico  
506 1 |a Contenido solo disponible en los productos indicados   |d vLex Global  |d vLex Global (Academic Edition, excluding Law Schools)  |d vLex Global (U.S. Academic Edition, Law Schools)  |d vLex Global (U.S. Academic Edition, excluding Law Schools)  |d vLex Global (Academic Edition, Law Schools) 
650 0 4 |a Derecho civil  |z Brasil  
740 0 |a vLex libros (servicio en ln̕ea)  
856 4 0 |u http://vlex.com/source/manual-basico-processo-civil-14123  |z Acceso restringido  
942 |c BOOK 
999 0 |a Civil Law   |b Brasil